000 00480nam a2200169Ia 4500
003 OSt
005 20200625124950.0
008 190216s9999||||xx |||||||||||||| ||und||
040 _coclc
082 _a954
_bRAN/S
100 _aRandathani, Husain
_91881
245 0 _aSwathanthryam Vibhajanathil /
_cHusain Randathani
250 _a3rd Ed.
260 _bPoomkavanam Books,
_c2007.
_aCalicut:
300 _a704p
942 _cBK
_2ddc
_h954
_iRAN/S
_k954
_mRAN/S
999 _c21397
_d21397